LEADER 01122nam0-22003371i-450- 001 990006863300403321 005 20001010 035 $a000686330 035 $aFED01000686330 035 $a(Aleph)000686330FED01 035 $a000686330 100 $a20001010d--------km-y0itay50------ba 101 0 $aita 105 $ay-------001yy 200 1 $a<>SINDACATI occidentali dall'800 ad oggi in una prospettiva storica comparata$fM. Antonioli ... [e altri]$ga cura di Maurizio Antonioli e Luigi Ganapini. 210 $aPisa$cBFS$d1995. 215 $a264 p.$d22 cm 225 1 $aBiblioteca di cultura storica$v5 300 $aIn testa al front.: Centro ricerche Giuseppe Di Vittorio 610 0 $aSindacati - Sec. 19-20 - Storia 676 $a331.8809 702 1$aAntonioli,$bMaurizio 702 1$aGanapini,$bLuigi$f<1939- > 801 0$aIT$bUNINA$gRICA$2UNIMARC 901 $aBK 912 $a990006863300403321 952 $aCOLLEZ. 1800 (5)$b32100$fFSPBC 959 $aFSPBC 996 $aSINDACATI occidentali dall'800 ad oggi in una prospettiva storica comparata$9625006 997 $aUNINA DB $aGEN01 LEADER 01324nam a2200277 i 4500 001 991001806729707536 008 110329s2011 it bv 000 0 ita d 020 $a9788834815960 035 $ab14073663-39ule_inst 040 $aDip.to Scienze dell'economia$bita 082 04$a343.240723 245 13$aLa 'modernizzazione' della disciplina sugli aiuti di stato :$bil nuovo approccio della Commissione europea e i recenti sviluppi in materia di 'pubblic' e 'private enforcement' /$ca cura di Cristina Schepisi 260 $aTorino :$bGiappichelli,$cc2011 300 $axviii, 315 p. ;$c24 cm 440 0$aUniversita degli studi di Napoli "Parthenope", Dipartimento giuridico-economico e dell'impresa.$aSezione giuridica ;$v2 500 $aCon giurisprudenza 504 $aCon bibliografia 650 04$aSovvenzioni statali 650 04$aImprese$xFinanziamenti pubblici e agevolazioni fiscali$xLegislazione comunitaria 700 1 $aSchepisi, Cristina 907 $a.b14073663$b28-01-14$c13-09-12 912 $a991001806729707536 945 $aLE025 ECO 343 SCH03.01$g1$i2025000259478$lle025$nProf.ssa Di Porto$o-$pE33.00$q-$rl$s- $t0$u7$v4$w7$x0$y.i15445860$z09-10-12 996 $aModernizzazione' della disciplina sugli aiuti di stato$9239975 997 $aUNISALENTO 998 $ale025$b13-09-12$cm$da $e-$fita$git $h3$i0